000 00474nam a2200169Ia 4500
008 230524s9999 xx 000 0 und d
082 _bKAD
100 _aL.R.Kadyali
_942831
245 0 _aPrinciples and Practices Highway Engineering : Including Expressways And Airport Engineering)
250 _a3
260 _aNew Delhi
_bKhanna Pub
_c2015
300 _a"XXII,866p;"
500 _aQuantity Number: 1
650 _aCivil
700 _a N.B.Lal
_942832
942 _cBK
999 _c57804
_d57804